000 00710nam a2200301Ia 4500
005 20260330160952.0
008 008 300114s9999 xx 000 0 eng d
020 _a9780335230112
037 _aEBOOK
040 _aCRL
040 _beng
040 _cCRL
041 _2eng
041 _aeng
084 _qCRL
100 _aOrme
_9934193
245 0 _aPublic Health for the 21st Century
250 _a2
260 _bMcgraw Hill
260 _c2007
365 _aINR
365 _b122400
650 _aPublic Health
856 _uhttps://resolver.vitalsource.com/9780335230112/?brand=mcgrawhillindia.vitalsource.com
942 _cEBOOK
999 _c1844495
_d1844495